000 00522nam a2200181Ia 4500
008 100917s9999 xx 000 0 und d
082 _b32948
100 _aदत्ता केशव
245 _aकुंकू जपून ठेव
260 _bपरचुरे प्रकाशन
_c1972
300 _a106
365 _b5
520 _aनाटक
630 _aकुंकू जपून ठेव
650 _aनाटक
730 _aकुंकू जपून ठेव
942 _cBOOK
999 _c638342
_d638339